000 00633nam a2200229 i 4500
001 bg
100 1 _aBORKOWSKI, Marcin
245 1 0 _aŁączenie się spółek akcyjnych /
_cMarcin Borkowski.
260 _aWarszawa :
_bC.H. Beck,
_c2001.
300 _a185 s. ;
_c21 cm.
490 1 _aPrawo Gospodarcze i Handlowe
504 _aBibliogr.
650 9 _aSpółki akcyjne
_xprawo
_zPolska
_ystan na 2001 r.
830 _aPrawo Gospodarcze i Handlowe
020 _a8372470065
040 _cBPK
041 0 _apl
080 _a347.725(438)
920 _a83-7247-006-5
942 _cKS
008 s pl f |000 0 pol
999 _c40425
_d40425
856 _uhttp://koha.tu.koszalin.pl/cgi-bin/koha/opac-detail.pl?biblionumber=40425
_yKatalog online BPK